| 000 | 00462 a2200169 4500 | ||
|---|---|---|---|
| 003 | OSt | ||
| 005 | 20231205144716.0 | ||
| 008 | 231205b |||||||| |||| 00| 0 eng d | ||
| 020 | _a9780367242220 | ||
| 040 | _coclc | ||
| 082 |
_a901 _bGUN/H |
||
| 100 | 1 |
_aGunn, Simon, _d1954- _910041 |
|
| 245 |
_aHistory and cultural theory / _cSimon Gunn |
||
| 260 |
_bRoutledge, _c2019. |
||
| 300 | _a215p | ||
| 942 |
_2ddc _cBK _h901 _iGUN/H _k901 _mGUN/H |
||
| 999 |
_c43803 _d43803 |
||